| 000 | 01131cam a22003377a 4500 | ||
|---|---|---|---|
| 003 | CHAP | ||
| 005 | 20220817041608.0 | ||
| 008 | 971013s1981 r 00010 d | ||
| 010 | _a19166 | ||
| 011 | _a20138 | ||
| 035 | _a24226 | ||
| 040 | _cCHAP | ||
| 090 | _aFolleto 739 | ||
| 100 | 0 | 0 |
_aDíaz-Polanco, Héctor. _933701 |
| 245 | 1 | 3 | _aEl desarrollo rural en América Latina; notas sobre el caso mexicano |
| 260 |
_aMéxico, D.F. : _bCentro de Investigaciones para la Integración Social, _c1981 |
||
| 300 | _a55 p. | ||
| 490 | 0 |
_aCuadernos del CIIS _v; 3 |
|
| 590 |
_aBATCH-UPD _b10 _c20130109 _lUCH01 _h2336 |
||
| 590 |
_aBATCH-UPD _b10 _c20130110 _lUCH01 _h0149 |
||
| 590 |
_aBATCH-UPD _b10 _c20130110 _lUCH01 _h1931 |
||
| 590 |
_aBATCH-UPD _b10 _c20130409 _lUCH01 _h1903 |
||
| 590 |
_aBATCH-UPD _b10 _c20130410 _lUCH01 _h1256 |
||
| 590 |
_aBATCH-UPD _b10 _c20130914 _lUCH01 _h1109 |
||
| 590 |
_aCONVERSION _b10 _c20130109 _lUCH01 _h1312 |
||
| 650 | 1 | 4 |
_aAmerica Latina _xCondiciones rurales. |
| 830 | 0 |
_aCuadernos del CIIS _v; 3 _929831 |
|
| 901 | _aBK | ||
| 942 | _cFOLL | ||
| 949 |
_aFolleto 7938 _bBC _cFOLL _d-55934 _eTS1 _i24226 _si |
||
| 999 |
_c19166 _d19166 |
||